| 000 | 00353nam a2200133Ia 4500 | ||
|---|---|---|---|
| 008 | 240624s9999 xx 000 0 und d | ||
| 041 | _aeng | ||
| 082 | _a823 RIC | ||
| 100 | _aRICKS THOMAS E | ||
| 245 | _aFIASCO THE AMERICAN MILITARY ADVENTURE I | ||
| 260 |
_c2006 _aNew Delhi _bPenguin Books India |
||
| 300 | _axiv, : 481 : p. : cm ; 25 | ||
| 365 | _cBPS | ||
| 999 |
_c4096 _d4096 |
||